Missing Word: NPR Programs Quiz Stats

 Plays Quiz Updated Jun 18, 2018

Challenge
Share
Tweet
Embed
Score 0/20 Timer 04:00
0 Plays Today
Program Missing Word % Correct
Wait Wait... ___ Tell Me!Don't
92.1%
Ask ___ AnotherMe
83%
Car ___Talk
82.9%
All Things ___Considered
74.8%
A ___ Home CompanionPrairie
74.3%
Fresh ___Air
60.6%
This American ___Life
58.4%
___ the TopFrom
35.7%
TED ___ HourRadio
34.3%
Morning ___Edition
32.6%
Program Missing Word % Correct
The ___ Rehm ShowDiane
30.8%
Talk of the ___Nation
23.9%
___ JudgmentSnap
18.9%
The ___ & ShamrockThistle
17.4%
___ CafeWorld
11.9%
On the ___Media
11.7%
Mountain ___Stage
7.4%
___ ListenFirst
6.2%
Live in ___Concert
3.9%
___ SessionsFavorite
2.4%

Today's Daily Dose

You're not logged in!

Compare scores with friends on all Sporcle quizzes.
Join for Free
OR
Log In

You Might Also Like...

Show Comments

Extras

Top Quizzes Today


Score Distribution

Your Account Isn't Verified!

In order to create a playlist on Sporcle, you need to verify the email address you used during registration. Go to your Sporcle Settings to finish the process.

Report this User

Report this user for behavior that violates our Community Guidelines.

Details: